000 00670nam a2200169 a 4500
001 000030275
005 20200930060206.0
008 110505s2008 dr a 000 0 spa d
040 _aDO-SdBNP
_bspa
_cBNPHU
082 _axxx
_bE82
245 0 1 _aEstudio sobre rendición de cuentas y transparencia en organizaciones de la sociedad civil en República Dominicana.
246 0 1 _aRendición de cuentas y transparencia en organizaciones de la sociedad civil en República Dominicana.
260 _aSanto Domingo :
_bAlianza ONG,
_c2008.
300 _aviii, 52 p. :
_bil. ;
_c26 cm.
504 _aBibliografía : p. 41-42
710 1 _aAlianza ONG, República Dominicana
_956954
999 _c29767
_d29767